[Event "36th Mitropa Cup Open 2018"]
[Site "Isola Capo Rizzuto"]
[Date "2018.05.31"]
[Round "1.18"]
[White "Biolek, Richard Jr"]
[Black "Godena, Michele"]
[Result "1/2-1/2"]
[WhiteElo "2445"]
[BlackElo "2508"]
[Annotator "TA"]
[PlyCount "26"]
[EventDate "2018.05.31"]
[EventType "team-tourn"]
[EventCountry "ITA"]
[SourceTitle "playchess.com"]
[Source "ChessBase"]
[SourceQuality "1"]
[WhiteTeam "Czech Republic"]
[BlackTeam "Italy"]
[WhiteTeamCountry "CZE"]
[BlackTeamCountry "ITA"]

{[%evp 9,26,41,38,38,45,43,38,42,47,24,30,2,15,-7,-7,-24,-28,-23,-23]} 1. e4 e5 2. Nf3 Nc6 3. Bb5 Bc5 4. O-O d6 5. c3 a6 (5... Bd7 6. d4 Bb6 7. dxe5 dxe5 8. Nbd2 Nge7 9. Nc4 f6 10. a4 Be6 11. b4 a6 12. Nxb6 cxb6 13. Qxd8+ Rxd8 14. Be2 a5 {1-0 (51) Onischuk,A (2687)-De la Paz Perdomo,F (2469) Monterrey 2010}) 6. Bxc6+ {C64: Ruy Lopez: Classical Defence (3...Bc5) except 4 0-0 Nf6} bxc6 7. d4 exd4 8. cxd4 {White is slightly better.} Bb6 9. Bg5 Ne7 10. e5 $146 ({Predecessor:} 10. Nc3 O-O 11. h3 f6 12. Bh4 Ng6 13. Bg3 Be6 14. a4 c5 15. d5 Bd7 16. a5 Ba7 17. Qd3 Qc8 18. Nd2 Rb8 19. b3 {½-½ (19) Hajek,M (2230)-Grustik,R (2219) Czechia 2007}) 10... O-O 11. Re1 dxe5 {next ...f6 is good for Black.} 12. dxe5 {[#] Hoping for Qxd8.} Qxd1 13. Rxd1 Ng6 1/2-1/2

[Event "36th Mitropa Cup Open 2018"]
[Site "Isola Capo Rizzuto"]
[Date "2018.05.31"]
[Round "1.19"]
[White "Moroni, Luca Jr"]
[Black "Cernousek, Lukas"]
[Result "1-0"]
[WhiteElo "2556"]
[BlackElo "2466"]
[Annotator "TA"]
[PlyCount "113"]
[EventDate "2018.05.31"]
[EventType "team-tourn"]
[EventCountry "ITA"]
[SourceTitle "playchess.com"]
[Source "ChessBase"]
[SourceQuality "1"]
[WhiteTeam "Italy"]
[BlackTeam "Czech Republic"]
[WhiteTeamCountry "ITA"]
[BlackTeamCountry "CZE"]

{[%evp 13,113,18,19,20,12,17,24,0,0,0,0,0,0,0,8,2,5,2,0,1,0,0,6,0,0,0,8,0,0,0,0,0,7,0,7,7,7,7,7,8,9,13,14,0,0,0,0,0,27,33,34,33,43,15,18,22,32,0,0,0,0,0,77,87,85,87,66,60,58,54,97,112,100,107,224,217,194,200,146,144,130,122,146,140,189,186,182,181,318,298,12842,12843,12843,12843,12845,12846,12846,12847,12847,12847,12849,12848]} 1. c4 c5 2. Nf3 Nf6 3. d4 cxd4 4. Nxd4 d5 5. cxd5 Nxd5 6. e4 Nf6 7. Nc3 e5 8. Bb5+ {D06: Queen's Gambit: Symmetrical and Baltic Defences} Bd7 9. Bxd7+ Qxd7 10. Nf5 {White has an edge.} Qxd1+ 11. Kxd1 g6 12. Ne3 Nc6 13. Ned5 O-O-O {Strongly threatening ...Nxe4!} 14. Bg5 Nxd5 15. Nxd5 Be7 {[#]} 16. Bd2 $146 Kd7 17. Rc1 Rc8 18. Be3 Ke6 19. Ke2 Bd6 20. a3 f5 21. f3 Rhf8 22. Rhd1 h5 23. h3 fxe4 24. fxe4 Nd4+ 25. Kd3 Rxc1 26. Rxc1 Nc6 27. b4 a6 28. Bc5 Bxc5 29. bxc5 $11 {[%mdl 4096] Endgame KRN-KRN} Rf2 30. Rb1 Rxg2 31. Rxb7 Rg3+ 32. Kd2 Rg2+ $1 33. Ke3 Rc2 $1 34. Nc7+ Kf6 35. Rb6 Rxc5 36. Nxa6 Rc3+ $1 37. Kd2 Rxa3 ({Wrong is} 37... Rc4 $2 38. Nb4 $18) (37... Rxh3 $11 38. Rxc6+ Kg5) 38. h4 $16 ({Don't do} 38. Rxc6+ $6 Kg5 $18) 38... Ra2+ 39. Kd3 Ra3+ 40. Kc2 Rh3 41. Rxc6+ $14 {KRN-KR} Kf7 42. Nc5 $1 {[%cal Rc5d7]} Rxh4 43. Kd3 {Threatens to win with Nd7.} Rg4 (43... Rh1 $16) 44. Nd7 $18 Rg5 45. Rc7 Rg3+ 46. Ke2 Ke7 47. Ra7 ({Of course not} 47. Nxe5+ $6 Kd6 $11) 47... Kd6 48. Nf6 h4 49. Ra6+ Ke7 {[#]} 50. Kf2 $1 g5 (50... Rb3 {keeps fighting.} 51. Ng8+ Kf8) 51. Nd5+ Kf7 $2 (51... Ke8 52. Ne3 Kd8) 52. Rf6+ {White is clearly winning.} Kg7 {[#]} 53. Rf3 $1 {[%cal Rf3g3]} Rxf3+ 54. Kxf3 Kg6 55. Kg4 Kf7 56. Ne3 Kf6 57. Nf1 {Precision: White = 70%, Black = 72%.} 1-0

[Event "36th Mitropa Cup Open 2018"]
[Site "Isola Capo Rizzuto"]
[Date "2018.05.31"]
[Round "1.20"]
[White "Vykouk, Jan"]
[Black "Valsecchi, Alessio"]
[Result "1-0"]
[WhiteElo "2425"]
[BlackElo "2515"]
[Annotator "TA"]
[PlyCount "89"]
[EventDate "2018.05.31"]
[EventType "team-tourn"]
[EventCountry "ITA"]
[SourceTitle "playchess.com"]
[Source "ChessBase"]
[SourceQuality "1"]
[WhiteTeam "Czech Republic"]
[BlackTeam "Italy"]
[WhiteTeamCountry "CZE"]
[BlackTeamCountry "ITA"]

{[%evp 15,89,22,20,12,7,0,23,-20,-19,-31,-30,-29,-33,-31,-15,-43,-18,-32,-17,-39,-29,-33,-30,-63,-61,-59,-43,-60,-60,-63,-58,-58,-65,-64,-57,-38,-25,-32,-33,-29,-31,-33,-11,-16,0,0,56,56,57,57,80,92,122,117,237,143,238,195,332,272,254,275,500,425,830,817,906,746,701,716,2226,2141,1744,1683,29986,532]} 1. e4 e5 2. Nf3 Nf6 3. Nxe5 d6 4. Nf3 Nxe4 5. Nc3 Nf6 6. d4 {[%cal Bd2d4,Bd4d5][%mdl 32]} Be7 7. Bd3 O-O 8. Ne2 {C42: Russische Verteidigung (Petrow)} c5 {LiveBook: 9 Partien} 9. O-O Nc6 10. d5 {Die Stellung ist ausgeglichen.} Nb4 11. c4 b5 12. Nc3 $146 ({Vorgänger:} 12. cxb5 Nxd3 13. Qxd3 a6 14. Nc3 axb5 15. Nxb5 Ba6 {0-1 (66) Rublevsky,S (2692)-Zvjaginsev,V (2672) Sochi 2016}) 12... Nxd3 13. Qxd3 bxc4 14. Qxc4 Rb8 15. Qd3 Re8 16. Re1 Bg4 17. Nd2 Bf8 18. Rxe8 Qxe8 19. Nc4 Qe1+ 20. Qf1 Qxf1+ $1 21. Kxf1 Bf5 {...Ld3+ ist eine echte Drohung.} 22. Ne3 Bd3+ 23. Ke1 g6 24. Kd2 c4 {[#]} 25. b3 $1 {[%mdl 512]} Bh6 {Mit der Idee ...Sg4.} (25... cxb3 26. axb3) 26. Ba3 Ng4 {Und weiter mit ...Te8 wäre nett.} 27. Bxd6 Re8 {[%cal Rg4e3]} 28. Bc5 Nxf2 29. d6 Ng4 {[%cal Rg4e3]} 30. Ncd5 {Und h3 würde nun gewinnen.} Be4 (30... Rd8 $11) 31. Ne7+ $14 Kg7 32. bxc4 Rd8 {[#]} 33. Bd4+ $1 Kf8 34. c5 Bg5 {[#]} (34... Ke8 $16 {war angesagt.}) 35. h4 $1 $18 {[%mdl 512]} Bf4 {[#]} (35... Nxe3 $16 {ist eine bessere Verteidigung.} 36. hxg5 Nc2) (35... Bxh4 36. Nxg4) 36. Ke2 $1 Ne5 (36... Nxe3 $142 37. Bxe3 Be5) 37. Bxe5 Bxe5 38. Rd1 Bf6 $2 (38... Bg3 {war einen Versuch wert.} 39. h5 Rb8) 39. N3d5 Bxh4 (39... Bxd5 $142 40. Nxd5 Bxh4) 40. c6 Bxd5 41. c7 ({Weniger gut wäre} 41. Nxd5 Rxd6 42. Rc1 Rd8 $16) 41... Bc4+ 42. Kf3 Ke8 {[#]} 43. d7+ $1 {[%mdl 512]} Kxe7 (43... Rxd7 44. c8=Q+) 44. c8=Q {jetzt Dc5+ und aus.} Be6 45. Qc5+ {Precision: Weiß = 63%, Schwarz = 33%.} 1-0

[Event "36th Mitropa Cup Open 2018"]
[Site "Isola Capo Rizzuto"]
[Date "2018.06.01"]
[Round "2.1"]
[White "Mihok, Oliver"]
[Black "Hracek, Zbynek"]
[Result "1/2-1/2"]
[WhiteElo "2550"]
[BlackElo "2582"]
[Annotator "TA"]
[PlyCount "63"]
[EventDate "2018.05.31"]
[EventType "team-tourn"]
[EventCountry "ITA"]
[SourceTitle "playchess.com"]
[Source "ChessBase"]
[SourceQuality "1"]
[WhiteTeam "Hungary"]
[BlackTeam "Czech Republic"]
[WhiteTeamCountry "HUN"]
[BlackTeamCountry "CZE"]

{[%evp 30,63,8,2,5,6,6,14,10,-14,-6,-20,-17,-10,-12,-14,0,0,0,0,0,0,0,0,0,-10,0,-53,0,0,0,-69,0,0,0,-73]} 1. e4 e5 2. Nf3 Nc6 3. Bb5 a6 4. Ba4 Nf6 5. O-O Be7 6. Re1 b5 7. Bb3 d6 8. c3 O-O 9. h3 Bb7 10. d4 Re8 11. Ng5 Rf8 12. Nf3 Re8 13. Nbd2 {[%cal Bb1d2,Bd2f1,Bf1g3][%mdl 32]} Bf8 14. d5 Nb8 15. Nf1 Nbd7 16. N3h2 c6 {C92: Closed Ruy Lopez: 9...Be6, Karpov and Flohr-Zaitsev Variations} 17. dxc6 Bxc6 18. Bg5 Qc7 19. Ng3 a5 {[%cal Ba6a5,Ba5a4,Ba4a3][%mdl 32]} 20. Bxf6 Nxf6 21. Ng4 Nxg4 22. hxg4 a4 23. Bd5 Bxd5 24. Qxd5 {[#]} a3 $146 25. b3 Qxc3 26. Qxb5 g6 27. Rad1 Rec8 28. Re2 ({Better is} 28. Nf1 $1 $11) 28... Rab8 29. Qa6 $1 Ra8 30. Qb5 Rab8 (30... Rc5 $5 {[%cal Rc5b5]} 31. Qb6 Rac8 $15) 31. Qa6 $1 Ra8 32. Qb5 {Precision: White = 62%, Black = 71%.} 1/2-1/2

[Event "36th Mitropa Cup Open 2018"]
[Site "Isola Capo Rizzuto"]
[Date "2018.06.01"]
[Round "2.2"]
[White "Biolek, Richard Jr"]
[Black "Kantor, Gergely"]
[Result "1/2-1/2"]
[WhiteElo "2445"]
[BlackElo "2519"]
[Annotator "TA"]
[PlyCount "49"]
[EventDate "2018.05.31"]
[EventType "team-tourn"]
[EventCountry "ITA"]
[SourceTitle "playchess.com"]
[Source "ChessBase"]
[SourceQuality "1"]
[WhiteTeam "Czech Republic"]
[BlackTeam "Hungary"]
[WhiteTeamCountry "CZE"]
[BlackTeamCountry "HUN"]

{[%evp 26,49,21,21,24,11,31,26,22,3,12,0,0,0,0,0,0,0,29,0,31,29,37,33,37,11]} 1. e4 e5 2. Nf3 Nc6 3. d4 exd4 4. Nxd4 Nf6 5. Nc3 Bb4 6. Nxc6 bxc6 7. Bd3 O-O 8. O-O d5 9. exd5 cxd5 10. h3 {C47: Scotch Four Knights and Four Knights with 4 g3} c6 11. Qf3 Rb8 (11... Re8 12. Bg5 Bd6 13. Rfe1 Rxe1+ 14. Rxe1 Bd7 15. Bf4 Qb8 16. Bxd6 Qxd6 17. b3 c5 {½-½ (48) Morozevich,A (2665)-Kramnik,V (2800) Moscow 2018}) 12. Bf4 Bd6 13. b3 Rb7 14. Rfe1 {LiveBook: 6 Games} Re7 15. Rxe7 Qxe7 16. Bxd6 Qxd6 17. Re1 Qb4 $146 {Hoping for ...d4.} ({Predecessor:} 17... Be6) 18. Re2 Be6 19. Na4 c5 {[%cal Bc6c5,Bc5c4][%mdl 32]} 20. Bf5 Bxf5 21. Qxf5 Qa3 22. Qe5 c4 23. Qb2 Qb4 24. Qd4 a5 25. Qc5 {Precision: White = 63%, Black = 72%.} 1/2-1/2

[Event "36th Mitropa Cup Open 2018"]
[Site "Isola Capo Rizzuto"]
[Date "2018.06.01"]
[Round "2.3"]
[White "Korpa, Bence"]
[Black "Cernousek, Lukas"]
[Result "1/2-1/2"]
[WhiteElo "2497"]
[BlackElo "2466"]
[Annotator "TA"]
[PlyCount "53"]
[EventDate "2018.05.31"]
[EventType "team-tourn"]
[EventCountry "ITA"]
[SourceTitle "playchess.com"]
[Source "ChessBase"]
[SourceQuality "1"]
[WhiteTeam "Hungary"]
[BlackTeam "Czech Republic"]
[WhiteTeamCountry "HUN"]
[BlackTeamCountry "CZE"]

{[%evp 18,53,-22,-35,0,0,0,0,0,0,0,0,0,0,0,0,0,0,0,0,0,0,16,13,33,-15,0,-32,-20,-24,0,0,0,0,0,0,0,0]} 1. Nf3 Nf6 2. g3 d5 3. Bg2 c5 4. O-O g6 5. b3 Bg7 6. Bb2 O-O 7. c4 d4 8. e3 Nc6 9. exd4 {A05: Übergänge in verschiedene Eröffnungen} cxd4 10. Re1 {LiveBook: 3 Partien} (10. d3 Nd7 11. Re1 a5 12. Nbd2 Nc5 13. Ne4 Nxe4 14. Rxe4 Bf5 15. Re1 Qd7 16. Ba3 Rfe8 {1-0 (70) Caruana,F (2804)-Anand,V (2770) Leuven 2016}) 10... Ng4 $146 ({Vorgänger:} 10... Nd7 11. Ba3 a5 12. d3 Nb4 13. Nbd2 h6 14. Bf1 Nc5 15. Ne4 b6 16. Qd2 Nxe4 17. dxe4 {1-0 (38) Kandil,A (2263)-Ameir,M (2395) Alexandria 2017}) 11. d3 Nge5 12. Nxe5 Nxe5 13. Be4 Bg4 14. f3 Bc8 15. f4 Bg4 {[%cal Bc8g4,Bg4f3,Bf3c6][%mdl 32]} 16. Qd2 Nf3+ 17. Bxf3 $1 Bxf3 18. Qf2 Bc6 19. Nd2 Qd7 20. Nf3 Rad8 21. Ne5 Bxe5 22. Rxe5 f6 23. Re2 e5 24. Rf1 {Die Stellung ist ausgeglichen.} Qd6 25. Qe1 b6 26. fxe5 fxe5 27. Ref2 {Precision: Weiß = 79%, Schwarz = 54%.} ({Nur nicht} 27. Rxe5 $2 Rxf1+ 28. Kxf1 Qf6+ 29. Kg1 Qf3 $19) 1/2-1/2

[Event "36th Mitropa Cup Open 2018"]
[Site "Isola Capo Rizzuto"]
[Date "2018.06.01"]
[Round "2.4"]
[White "Vykouk, Jan"]
[Black "Nagy, Gabor"]
[Result "1/2-1/2"]
[WhiteElo "2425"]
[BlackElo "2478"]
[Annotator "TA"]
[PlyCount "63"]
[EventDate "2018.05.31"]
[EventType "team-tourn"]
[EventCountry "ITA"]
[SourceTitle "playchess.com"]
[Source "ChessBase"]
[SourceQuality "1"]
[WhiteTeam "Czech Republic"]
[BlackTeam "Hungary"]
[WhiteTeamCountry "CZE"]
[BlackTeamCountry "HUN"]

{[%evp 30,63,25,10,56,30,62,64,56,56,50,56,66,53,89,89,81,62,73,54,56,39,60,0,50,27,20,26,31,-41,0,0,36,-53,0,0]} 1. e4 e5 2. Nf3 Nc6 3. Bc4 Nf6 4. d3 Be7 5. O-O O-O 6. Re1 d6 7. c3 Na5 8. Bb5 a6 9. Ba4 b5 10. Bc2 c5 11. Nbd2 Re8 12. Nf1 h6 13. Ng3 Bf8 14. d4 cxd4 {C90: Closed Ruy Lopez with 7...d6: Early deviations} (14... exd4 15. cxd4 Bg4 16. d5 Nc4 17. h3 Bxf3 18. gxf3 Qa5 19. b3 Ne5 20. Kg2 Ng6 21. Bd2 Nh4+ 22. Kh1 {½-½ (68) Bacrot,E (2725)-Almasi,Z (2682) Riadh 2017}) 15. cxd4 exd4 16. Nxd4 {LiveBook: 10 Games} g6 17. b3 Bb7 18. Bb2 Rc8 19. Qd2 Nc6 20. Nxc6 Rxc6 $146 ({Predecessor:} 20... Bxc6) 21. Rad1 Qc7 22. Bb1 (22. Bxf6 Rxc2 23. Qf4 Re6 $15) 22... Bg7 23. Bd4 h5 {[%cal Bh6h5,Bh5h4][%mdl 32]} 24. Qb2 Qe7 25. Re3 Qd8 26. Ree1 (26. h3 $14) 26... h4 27. Ne2 h3 28. Nf4 hxg2 29. Nd5 ({Much worse is} 29. Kxg2 Rc5 $17) (29. f3 $14) 29... Re6 ({Black should try} 29... Nxd5 $15 30. Bxg7 Nf4) 30. Nf4 $14 Re8 31. Nd5 ({Much weaker is} 31. Nxg2 Nh5 $15) ({Of course not} 31. Kxg2 d5 $17) (31. f3 $14) 31... Re6 ({Better is} 31... Nxd5 $15 32. Bxg7 Nf4) 32. Nf4 {Precision: White = 42%, Black = 26%.} 1/2-1/2

[Event "36th Mitropa Cup Open 2018"]
[Site "Isola Capo Rizzuto"]
[Date "2018.06.01"]
[Round "2.5"]
[White "Repka, Christopher"]
[Black "Vocaturo, Daniele"]
[Result "1/2-1/2"]
[WhiteElo "2534"]
[BlackElo "2616"]
[Annotator "TA"]
[PlyCount "45"]
[EventDate "2018.05.31"]
[EventType "team-tourn"]
[EventCountry "ITA"]
[SourceTitle "playchess.com"]
[Source "ChessBase"]
[SourceQuality "1"]
[WhiteTeam "Slovakia"]
[BlackTeam "Italy"]
[WhiteTeamCountry "SVK"]
[BlackTeamCountry "ITA"]

{[%evp 13,45,17,0,0,0,0,0,-18,-16,-43,-27,-40,-36,-39,-47,-35,-32,-47,-45,-43,-38,-41,-25,-28,-26,-50,-57,-35,-59,-56,0,-84,-86,-94]} 1. Nf3 c5 2. e4 d6 3. Bc4 Nf6 4. Nc3 e6 5. O-O Be7 6. d4 cxd4 7. Nxd4 O-O {LiveBook: 69 Games} 8. Qe2 {B86: Sicilian Scheveningen/Najdorf: 6 Bc4, without early ...b5} a6 9. Rd1 b5 {[%cal Bb7b5,Bb5b4][%mdl 32]} 10. Bb3 {e5 is the strong threat.The position is equal.} Qc7 11. a4 b4 12. Na2 Qb7 13. Re1 $146 ({Predecessor:} 13. Bg5 h6 14. Bxf6 Bxf6 15. Qe1 a5 16. Nb5 Bxb2 17. Nxd6 {½-½ (30) Varga,Z (2425)-Groszpeter,A (2500) Hungary 1989}) 13... Bd7 14. Bg5 Nc6 15. Rad1 Na5 16. Nc1 Nxb3 17. cxb3 Qb6 18. Nc2 Bc6 19. Bxf6 Bxf6 20. Rxd6 Be5 21. Rd3 Rac8 ({Better is} 21... Bxb2 $15 22. Na2 Ba3) 22. Rh3 (22. Ne3 $1 $11 {keeps the balance.}) 22... Bxb2 $17 23. Na2 {Precision: White = 72%, Black = 73%.} 1/2-1/2

[Event "36th Mitropa Cup Open 2018"]
[Site "Isola Capo Rizzuto"]
[Date "2018.06.01"]
[Round "2.6"]
[White "Moroni, Luca Jr"]
[Black "Nayhebaver, Martin"]
[Result "1/2-1/2"]
[WhiteElo "2556"]
[BlackElo "2471"]
[Annotator "TA"]
[PlyCount "130"]
[EventDate "2018.05.31"]
[EventType "team-tourn"]
[EventCountry "ITA"]
[SourceTitle "playchess.com"]
[Source "ChessBase"]
[SourceQuality "1"]
[WhiteTeam "Italy"]
[BlackTeam "Slovakia"]
[WhiteTeamCountry "ITA"]
[BlackTeamCountry "SVK"]

{[%evp 24,130,13,4,29,13,3,-6,0,0,20,-19,-17,-27,0,0,0,0,27,8,2,10,10,10,16,0,0,0,0,-19,-20,-10,0,0,0,2,4,4,87,0,0,-85,-77,-77,-77,-88,-74,-75,-78,-77,-80,-79,-43,-45,-44,-44,-45,-46,-37,-47,-25,-1,-3,-8,-17,-6,-2,-60,-58,-93,-62,-111,-99,-141,-136,-138,-148,-144,-84,-66,-66,-67,-67,-117,-18,-146,-28,-6,0,0,0,0,0,0,0,0,0,0,0,0,0,0,0,0,0,0,0,0,0]} 1. Nf3 Nf6 2. c4 e6 3. g3 b6 4. Bg2 Bb7 5. O-O Be7 6. Nc3 O-O 7. d4 Ne4 8. Bd2 d5 9. cxd5 exd5 10. Rc1 Nd7 11. Bf4 c5 12. dxc5 {E18: Queen's Indian: Old Main Line (4 g3 Bb7 5 Bg2 Be7 6 0-0 0-0 7 Nc3)} Ndxc5 13. Be5 {LiveBook: 5 Games} Qd7 $146 ({Predecessor:} 13... Rc8 14. Bh3 Ra8 15. Nb5 Bf6 16. b4 Bxe5 17. Nxe5 Qe8 18. bxc5 Qxe5 19. c6 Ba6 {1-0 (41) Vazquez Igarza,R (2572)-Lianes Garcia,M (2351) Madrid 2018}) 14. Bd4 {White has an edge.} Rac8 15. Rc2 Qf5 16. Be3 Bf6 17. Nb5 Qd7 18. Nbd4 Na6 19. Rxc8 Rxc8 20. Bf4 Nb4 21. Be5 Be7 22. a3 Nc6 23. Nxc6 Bxc6 24. Bd4 Ba4 25. b3 Bb5 26. a4 Ba6 $1 27. Ne5 Qe6 28. Nd3 Bd6 29. Re1 Qf5 30. Qa1 f6 (30... Bxd3 $11 {keeps the balance.} 31. exd3 Nc5) 31. Be3 (31. a5 $1 $16 {[%cal Ra5b6]} Bb5 32. axb6 axb6 33. Qa7) 31... Nc3 $36 {[%mdl 2048] Black is more active.} 32. Bd4 {[#]} (32. a5 $11 Nxe2+ 33. Rxe2 Bxd3 34. Rd2) 32... Nxe2+ $1 $17 {[%mdl 512]} 33. Rxe2 Bxd3 34. Re3 Be4 35. Bxe4 dxe4 36. Qb1 Re8 37. f3 {[%cal Re3e4]} Qd5 38. Rxe4 Rxe4 39. Qxe4 Qxb3 40. Bf2 Bf8 41. Qc6 h5 42. Kg2 Qa2 43. Kg1 Qf7 44. Qb5 g6 {[%cal Bg7g6,Bg6f5][%mdl 32]} 45. Kg2 (45. a5 $11) 45... Qc7 $15 46. f4 Bc5 47. f5 gxf5 48. Qe8+ Kg7 49. Qxh5 Qc6+ 50. Kg1 Qxa4 ({Black should play} 50... Qd5 51. Bxc5 Qxc5+ 52. Kf1 Qc4+ 53. Kf2 Qxa4 54. Qxf5 Qd4+ 55. Kf1 a5) 51. Bxc5 $17 bxc5 52. Qxf5 {[%mdl 4096] Endgame KQ-KQ} Qd4+ 53. Kg2 c4 (53... a5 $1 $17 {And now ...a4 would win.} 54. h4 a4) 54. h4 $11 {[%cal Bh2h4,Bh4h5][%mdl 32] [#]} c3 (54... a5 $1 $17 {[%mdl 512] ...a4 is the strong threat.} 55. Qxa5 c3 56. Qc7+ Kg6) 55. h5 $1 Qd2+ {The position is equal.} 56. Kf3 Qd1+ 57. Kf2 $1 Qd2+ 58. Kf3 Qg5 59. Qd7+ $1 Kh6 60. g4 $1 c2 61. Qd8 {[%cal Rd8h8]} Qc1 62. Qxf6+ Kh7 {( -> ...Qf1+)} 63. Qe7+ Kg8 {Threatens to win with ...Qf1+.} 64. Qe8+ Kg7 65. Qe7+ Kg8 {Precision: White = 61%, Black = 45%.} 1/2-1/2

[Event "36th Mitropa Cup Open 2018"]
[Site "Isola Capo Rizzuto"]
[Date "2018.06.01"]
[Round "2.7"]
[White "Jablonicky, Martin"]
[Black "Brunello, Sabino"]
[Result "0-1"]
[WhiteElo "2349"]
[BlackElo "2540"]
[Annotator "TA"]
[PlyCount "95"]
[EventDate "2018.05.31"]
[EventType "team-tourn"]
[EventCountry "ITA"]
[SourceTitle "playchess.com"]
[Source "ChessBase"]
[SourceQuality "1"]
[WhiteTeam "Slovakia"]
[BlackTeam "Italy"]
[WhiteTeamCountry "SVK"]
[BlackTeamCountry "ITA"]

{[%evp 16,95,20,31,35,30,35,25,31,35,36,39,27,0,0,8,16,27,89,75,92,77,45,72,106,97,174,164,300,304,290,0,0,0,0,0,0,0,193,-443,0,0,0,-76,-69,-69,-73,-599,-580,-826,-821,-823,-614,-561,0,-815,-819,-818,-790,-801,-790,-765,-750,-1456,-833,-982,-571,-12837,-12837,-12837,-12838,-12834,-900,-1765,-1339,-29975,-29980,-29978,-29981,-29981,-29980,-29995]} 1. e4 c5 2. Nf3 d6 3. c3 Nf6 4. Be2 g6 5. O-O Bg7 6. Bb5+ Nbd7 7. Re1 a6 8. Bf1 O-O 9. d4 cxd4 {B50: Sicilian: 2...d6, Miscellaneous} (9... Qc7 10. h3 cxd4 11. cxd4 b5 12. a3 d5 13. e5 Ne4 14. Nbd2 Bb7 15. Nxe4 dxe4 16. Ng5 Qb6 17. Qg4 {1-0 (38) Harikrishna,P (2737)-Donchenko,A (2568) Germany 2016}) 10. cxd4 e5 11. Nc3 exd4 {White has an edge.} 12. Nxd4 Re8 13. Nb3 Ne5 {[#]} 14. h3 $146 ({Predecessor:} 14. Bg5 h6 15. Bh4 g5 16. Bg3 {½-½ (91) Ye,J (2632)-Li,S (2552) China 2007}) 14... b5 15. Bg5 Bb7 16. a4 bxa4 (16... b4 $11 17. Nd5 Ned7) 17. Rxa4 $16 h6 18. Bxf6 Qxf6 19. Na5 Bc8 20. Nd5 Qd8 (20... Qh4 $16) 21. f4 $36 {[%mdl 2048] White is really pushing.} Nd7 (21... Bd7 {was called for.}) 22. Nc6 Qh4 {[#] next ...Bb7 is good for Black.} 23. Nc7 $2 (23. e5 $1 $18 {[%mdl 512]}) 23... Bb7 $11 24. Na5 Nc5 $1 {Hoping for ...Re7.} 25. Nxb7 Nxa4 26. Nxe8 Nxb2 $2 (26... Rxe8 $11 27. Nxd6 (27. Qxa4 Rb8 $11) 27... Rd8) 27. Qd5 $4 {[%mdl 8192]} (27. Qd2 $18 {is the narrow road to win.} Rxe8 28. Nxd6) 27... Rxe8 $2 (27... Qxe1 $19 28. Nxg7 Qe3+ 29. Kh2 Qxf4+ 30. Kg1 Qe5) 28. Nxd6 Rd8 29. Re2 (29. Qxf7+ $11 Kh7 30. f5 Rxd6 31. e5 gxf5 32. exd6 Qxe1 33. Qxf5+ Kh8 34. Qc8+ Kh7 35. Qf5+ Kh8 36. Qc8+ Kh7 37. Qf5+) 29... Qxf4 $17 30. e5 {[#] And now Re4 would win.} Nd1 $1 {[%mdl 512] ...Nc3 is the strong threat.} 31. Qxd1 $2 {[%mdl 8192]} (31. Qc5 $17) 31... Bxe5 $19 32. Rd2 Qh2+ 33. Kf2 Qg3+ 34. Kg1 Qh2+ 35. Kf2 Bg3+ 36. Ke2 Bxd6 37. Qa4 Qe5+ 38. Kd1 Rb8 39. Bc4 Kg7 40. Qa2 Rb7 41. Qxa6 Rb1+ 42. Kc2 Qe4+ 43. Rd3 Rg1 (43... Rb4 $142 44. Bb3 Be5) 44. Kb3 Be5 45. Rf3 Rb1+ {Black mates.} 46. Ka4 Ra1+ 47. Ra3 Rc1 48. Kb5 {Precision: White = 38%, Black = 61%.} 0-1

[Event "36th Mitropa Cup Open 2018"]
[Site "Isola Capo Rizzuto"]
[Date "2018.06.01"]
[Round "2.8"]
[White "Valsecchi, Alessio"]
[Black "Haring, Filip"]
[Result "1-0"]
[WhiteElo "2515"]
[BlackElo "2339"]
[Annotator "TA"]
[PlyCount "81"]
[EventDate "2018.05.31"]
[EventType "team-tourn"]
[EventCountry "ITA"]
[SourceTitle "playchess.com"]
[Source "ChessBase"]
[SourceQuality "1"]
[WhiteTeam "Italy"]
[BlackTeam "Slovakia"]
[WhiteTeamCountry "ITA"]
[BlackTeamCountry "SVK"]

{[%evp 10,81,-5,2,4,0,25,16,28,24,14,4,21,16,29,35,27,7,27,28,29,0,-12,-21,-8,-44,-59,-66,-62,-64,-21,-74,-65,-56,-7,0,39,0,0,0,49,0,0,0,19,3,102,112,117,133,134,119,117,100,125,145,195,185,345,340,528,391,695,394,1052,1089,2648,2466,29989,29990,29992,29993,29993,29993]} 1. d4 Nf6 2. c4 e6 3. Nc3 Bb4 4. e3 b6 5. f3 c5 6. d5 O-O {E43: Nimzo-Indian: Rubinstein: 4...b6} 7. Bd2 $146 ({Predecessor:} 7. e4 Re8 8. Nge2 exd5 9. cxd5 Bb7 10. Kf2 d6 11. Ng3 Nbd7 12. a3 Ba5 13. Nb5 Nf8 14. Nf5 {1-0 (27) Milov,V (2622)-Amin,B (2635) Dubai 2014}) 7... exd5 8. cxd5 Re8 {The position is equal.} 9. e4 d6 (9... Nxe4 $6 10. fxe4 Bxc3 11. Bxc3 $16 (11. bxc3 Qh4+ 12. g3 Qxe4+ 13. Qe2 Ba6 $16)) 10. Bb5 Bd7 11. Bxd7 Nbxd7 {[%cal Bb8d7,Bd7e5,Be5d3][%mdl 32]} 12. Nge2 {[%cal Bg1e2,Be2g3,Bg3f5,Bf5h6][%mdl 32]} a6 13. O-O b5 14. Ng3 Ne5 15. Qc2 c4 16. Be3 Nd3 {next ...Bxc3 is good for Black.} 17. Nf5 g6 18. Nh6+ Kg7 19. Kh1 Bc5 20. Bxc5 (20. Bg5 $11) 20... dxc5 21. Qd2 Re5 22. b3 Qd6 {Hoping for ...Rh5.} 23. bxc4 bxc4 ({Reject} 23... Rh5 $6 24. f4 $16) 24. g4 $1 {[%cal Bg2g4,Bg4g5][%mdl 32]} Re7 25. Rab1 Qe5 $1 26. g5 Nh5 $1 27. Ne2 {Black must now prevent Ng4.} f5 {[#]} (27... f6 $1 $11 {remains equal.}) 28. Qc3 $1 $16 Qxc3 29. Nxc3 Rf8 30. d6 $36 {[%mdl 2048] Black is under strong pressure.} Rd7 31. Rb6 Nhf4 {[#]} 32. h4 $1 fxe4 33. fxe4 Rfd8 $2 (33... Ne5 {was worth a try.} 34. Rxa6 Ne6 35. Rxf8 Kxf8) 34. e5 $18 {[%cal Be4e5,Be5e6][%mdl 32]} Re8 (34... Nxe5 $142 35. Rxf4 Rxd6 36. Rxd6 Rxd6) 35. Kh2 a5 $2 (35... Ne6 36. Ng4 (36. Rxa6 Nxe5 37. Nd5 Red8 $16) 36... Red8 37. Rxa6 Nd4) 36. a4 (36. Ng4 Rf7 $18) 36... Ra7 $2 (36... Ne6 37. Ng4 Red8) 37. Nb5 Rd7 38. Nc7 ({Not} 38. Ng4 Nd5 $16) 38... Red8 39. e6 {White mates.} Rxc7 40. dxc7 Rc8 41. Rb8 {Precision: White = 65%, Black = 26%.} 1-0